000 00542nam a2200157 i 4500
001 62981
003 ES-MaACL
005 20230906164748.0
007 t|
008 031127m19181920sp ||||1| spa d
100 1 _aFernández Valbuena, Ramiro.
_950136
245 1 3 _aLa religión a través de los siglos
_b: estudio histórico comparativo de las religiones de la Humanidad /
_cRamiro Fernández Valbuena.
260 _a[Santiago :
_bs.n.,
_c1918-1920] (
_fTip. El Eco de Santiago)
300 _a3 v. ;
_c26 cm.
852 _aES-MaACL
_jF-1215-17
999 _c62981
_d62981